004980000a2200145000450024500970000065000200009765000300011765000160014765000160016365100390017965300460021804100140026410000360027877300380031410aPlatypterigius Sachicarum (Rectilia, Ichtyosauria) nueva especie del cretácico de Colombia14aPaleontología14aIctiosaurios cretácicos14aOrfología14aTaxonomía 4mVilla de LeyvadBoyacápColombia gPlatypterygiusePlatypterygius sachicarum0 aEspañol1 aPáramo F., María Eurídice1 tRevista Ingeominash6q1-12d1997